| 000 | 00770nam a2200181 a 4500 | ||
|---|---|---|---|
| 005 | 20140412111222.0 | ||
| 008 | 020530s19uu xx 00 eng d | ||
| 020 | _a0-87353-138-8 | ||
| 050 |
_aTR(GS 372.7 _bM57 1978 |
||
| 100 | _aMitchell, Merle | ||
| 245 |
_aMathematical history : _bactivities, puzzles, stories, and games / _cby Merle Mitchell ; illustrations by Barbara Rives. |
||
| 260 |
_aVirginia : _bThe National Council of Teachers of Mathematics, Inc, _c1995. |
||
| 300 | _a74 p. ; ill. | ||
| 520 | _aPresents the history and principles of mathematics through puzzles, stories, and games. | ||
| 650 |
_aMathematics-History _xStudy and teaching (Elementary) _xJuvenile literature |
||
| 650 |
_aMathematical recreations _xJuvenile literature |
||
| 999 |
_c101961 _d101961 |
||